Breve reseña de la organización militar de España con un conciso relato de los servicios encomendados a las distintas armas y cuerpos del Ejército, seguida de algunos datos y estados sobre perfeccionamiento de dichos servicios, del material y construcciones a cargo del ramo de Guerra, y a la que se acompoñan algunos datos de ejércitos extranjeros sobre cartografía, sueldos de generales, jefes y oficiales y coste del soldado a pie de guerra. (Record no. 102086)

MARC details
000 -LEADER
campo de control de longitud fija 00991nam a2200181 i 4500
001 - NÚMERO DE CONTROL
campo de control 102086
003 - IDENTIFICADOR DE NÚMERO DE CONTROL
campo de control ES-MaACL
005 - FECHA Y HORA DE LA ÚLTIMA TRANSACCIÓN
campo de control 20230906183036.0
007 - CAMPO FIJO DE DESCRIPCIÓN FÍSICA--INFORMACIÓN GENERAL
campo de control de longitud fija t|
008 - DATOS DE LONGITUD FIJA--INFORMACIÓN GENERAL
campo de control de longitud fija 180530s1913 sp ||||1| spa d
245 00 - MENCIÓN DEL TÍTULO
Título Breve reseña de la organización militar de España con un conciso relato de los servicios encomendados a las distintas armas y cuerpos del Ejército, seguida de algunos datos y estados sobre perfeccionamiento de dichos servicios, del material y construcciones a cargo del ramo de Guerra, y a la que se acompoñan algunos datos de ejércitos extranjeros sobre cartografía, sueldos de generales, jefes y oficiales y coste del soldado a pie de guerra.
260 ## - PUBLICACIÓN, DISTRIBUCIÓN, ETC.
Lugar de publicación, distribución, etc. Madrid :
Nombre del editor, distribuidor, etc. [s.n.],
Fecha de publicación, distribución, etc. 1913 (
Fabricante Talleres del Depósito de la Guerra)
300 ## - DESCRIPCIÓN FÍSICA
Extensión 76 p. ;
Dimensiones 26 cm.
594 ## - Nota al título y mención de responsabilidad
Nota al título y mención de responsabilidad Precede al tít.: Ministerio de la Guerra.
650 #4 - PUNTO DE ACCESO ADICIONAL DE MATERIA--TÉRMINO DE MATERIA
Término de materia o nombre geográfico como elemento de entrada Administración militar-
Subdivisión geográfica España.
9 (RLIN) 164825
710 1# - ENTRADA AGREGADA--NOMBRE DE ENTIDAD CORPORATIVA
Nombre de entidad corporativa o nombre de jurisdicción como elemento de entrada España.
Unidad subordinada Ministerio de la Guerra.
9 (RLIN) 3906
852 ## - LOCALIZACIÓN
Ubicación ES-MaACL
Número de control de estantería C-23756(11)
Holdings
Estatus retirado Estado de pérdida Estado de daño No para préstamo Biblioteca de origen Biblioteca actual Ubicación en estantería Fecha de adquisición Fuente de adquisición Total de préstamos Signatura topográfica completa Código de barras Visto por última vez Precio de reemplazo Tipo de ítem Koha
        Biblioteca del Ateneo de Madrid Biblioteca del Ateneo de Madrid Depósito 2 30/05/2018     C-23756(11) 1198889 23/02/2023 23/02/2023 Libro impreso